Tajomstvo Boha, ktorý vidí, ale nie vždy hovorí

Bibliographic Details
Main Author: Bo, Carlo (Author)
Format: Article
Language:Slovak
ISSN:1336-0205
Subjects:

MARC

LEADER 00000nab a2200000 ar4500
001 vtls008998187
003 SK-MaSNL
005 20260303065834.0
008 070612c2007 xo qr|p|||||||000 b|slo
015 |a SNBRB2007/06 
038 |a SNKBUCL 
040 |a SNKBUCL  |b slo  |e AACR2  |c SNKBUCL 
041 0 |a slo 
044 |a xo  |c SK 
080 |a 223.1  |2 1997 
080 |a 17.023.34  |2 1997 
080 |a 241.521  |2 1997 
100 1 |a Bo, Carlo  |4 aut  |9 1066442 
245 1 0 |a Tajomstvo Boha, ktorý vidí, ale nie vždy hovorí  |c Carlo Bo 
630 0 7 |a Biblia  |p Jób  |2 snkbucl  |9 52403 
650 0 7 |a utrpenie  |2 snkbucl  |9 2163 
650 0 7 |a zodpovednosť  |2 snkbucl  |9 305682 
650 0 7 |a vykúpenie  |2 snkbucl  |9 22783 
650 0 7 |a spravodlivosť  |2 snkbucl  |9 2634 
773 0 |t Sväté písmo pre každého  |g Roč. VII, č. 6 (2007), s. 34  |x 1336-0205 
852 |a SNK  |b KIS3GCP 
958 |a SK 
958 |a NT 
999 |c 1752954  |d 1754884